Fictions of globalization (Record no. 2253)

MARC details
000 -LEADER
fixed length control field 00525 a2200169 4500
001 - CONTROL NUMBER
control field 068597
003 - CONTROL NUMBER IDENTIFIER
control field OSt
005 - DATE AND TIME OF LATEST TRANSACTION
control field 20220307160600.0
008 - FIXED-LENGTH DATA ELEMENTS--GENERAL INFORMATION
fixed length control field
082 ## - DEWEY DECIMAL CLASSIFICATION NUMBER
Classification number 813.54009355
Item number A76F
100 1# - MAIN ENTRY--PERSONAL NAME
Personal name Annesley, James
245 1# - TITLE STATEMENT
Title Fictions of globalization
Statement of responsibility, etc by James Annesley
260 ## - PUBLICATION, DISTRIBUTION, ETC. (IMPRINT)
Place of publication, distribution, etc London
Name of publisher, distributor, etc Continuum
Date of publication, distribution, etc 2006
300 ## - PHYSICAL DESCRIPTION
Extent 202p.
653 ## - INDEX TERM--UNCONTROLLED
Uncontrolled term Globalization in literature; American fiction; Consumption (Economics) in literature; Consumption (Economics); Globalization
942 ## - ADDED ENTRY ELEMENTS (KOHA)
Source of classification or shelving scheme Dewey Decimal Classification
Koha item type Books
Holdings
Withdrawn status Lost status Source of classification or shelving scheme Damaged status Not for loan Collection code Home library Current library Date acquired Source of acquisition Cost, normal purchase price Total Checkouts Full call number Barcode Date last seen Price effective from Koha item type
    Dewey Decimal Classification     General Text Book Central University Of Rajasthan Central University Of Rajasthan 07/03/2012 ENG 4589.65   813.54009355 A76F 2884 21/11/2024 02/09/2020 Books